000 00682nam a2200241 i 4500
001 C2-0143776
003 PPAK
005 20180727130121.0
008 980117s1982 ne a|||| ||||| | eng d
020 _a705407039
040 _aPPAK
_beng
_cPPAK
_erda
082 0 4 _a307.72
_223
090 0 0 _a307.72
_bGRU
_dR
100 1 _aGrunfeld, Frederic V.,
_eauthor
245 1 0 _aWay farers of the Thai forest :
_bthe Akha
264 1 _aAmsterdam :
_bTimeLife Books ,
_c1982
300 _a168 pages :
_bcolour illustrations ;
_c27 cm
336 _2rdacontent
_atext
337 _2rdamedia
_aunmediated
338 _2rdacarrier
_avolume
650 1 0 _aThai forest - Akha
942 _ddc
_cB
999 _c45217
_d45217